| 000 | 00643nam a22001937a 4500 | ||
|---|---|---|---|
| 003 | OSt | ||
| 005 | 20250704030425.0 | ||
| 008 | 250617b |||||||| |||| 00| 0 eng d | ||
| 020 | _a978-0-357-13162-6 | ||
| 040 |
_aDWCL- Main lib _cOC |
||
| 082 | _aCirc. 519.5 E78 2020 | ||
| 100 | _aAnderson, David R. | ||
| 245 |
_aEssential of modern business statistics with microsoft excel/ _cDavid R. Anderson [ and six others] |
||
| 260 |
_aUnited States of America: _bCengage Learning, Inc., _cc2020. |
||
| 300 |
_axxiv, 770 pages: _b illustrations; _c27cm. |
||
| 504 | _aIncludes index. | ||
| 650 | _a1. Statistics. | ||
| 942 |
_2ddc _cBK-CIRC _kCirc. _n0 |
||
| 999 |
_c3105 _d3105 |
||